01016nam a2200289 a 450000100060000000300080000600500170001400800390003102000150007002000220008503500190010704000320012604100080015808200160016610000430018224500400022525000120026526000790027730000330035650400640038965000430045365000300049665000280052694200120055499900170056695201430058336850BD-RjUL20211209052541.0140916s1998 enka b 001 0 eng a0521640474 a052164853X (pbk.) a(BD-RjUL)36952 aDLCcDLCdDLCdBD-RjULbeng aeng00a572.5452211 aPostgate, J. R.q(John Raymond)93829600aNitrogen fixation /cJohn Postgate. a3rd ed. aCambridge, U.K. ;aNew York, NY, USA :bCambridge University Press,c1998. avi, 112 p. :bill. ;c24 cm. aIncludes bibliographical references (p. 107-108) and index. 0aNitrogen-fixing microorganisms.938298 0aNitrogenxFixation938297 0aRoot-tubercles.9112414 2ddccBK c36850d36850 00102ddc4071aIBScbIBSccStackd2014-09-16eKarim Internatinalg1467.00l0o572.545 PON 1998r2014-09-16 00:00:00tC-1w2014-09-16yBK